NBA Current or Not - Statistics

General Stats
  • This quiz has been taken 33 times
    25 since last reset
  • The average score is 26 of 30
Answer Stats
Question Answer % Correct
Rudy Gobert Current
100%
Damian Lillard Current
100%
Anfernee Simons Current
100%
Rui Hachimura Current
100%
Tobias Harris Current
100%
James Harden Current
100%
Tyrese Maxey Current
100%
Mikal Bridges Current
100%
Jabari Smith Jr. Current
100%
Boban Marjanović Current
100%
Jalen Green Current
100%
Derrick Rose Current
100%
Victor Oladipo Current
100%
Tyler Herro Current
100%
Donovan Mitchell Current
100%
Evan Mobley Current
100%
Darius Garland Current
100%
Jalen Brunson Current
100%
Kevin Durant Current
100%
Andre Drummond Current
100%
Jayson Tatum Current
100%
Shai Gilgeous-Alexander Current
100%
Zach Levine Current
100%
Jordan Clarkson Current
100%
Joel Embiid Current
100%
Giannis Antetokounmpo Current
100%
Jrue Holiday Current
100%
Brook Lopez Current
100%
Ja Morant Current
100%
Nikola Jokic Current
100%
Chris Paul Current
100%
Anthony Davis Current
100%
Anthony Edwards Current
100%
Khris Middleton Current
100%
Jaylen Brown Current
100%
Demar DeRozan Current
100%
Kyle Lowry Current
100%
Kawhi Leonard Current
100%
Stephen Curry Current
100%
Klay Thompson Current
100%
Steven Adams Current
100%
Reggie Miller Not Current
100%
Bob Pettit Not Current
100%
Wes Unseld Not Current
100%
Bill Sharman Not Current
100%
Magic Johnson Not Current
100%
Shawn Kemp Not Current
100%
Larry Johnson Not Current
100%
Steve Nash Not Current
100%
Allen Iverson Not Current
100%
Jason Kidd Not Current
100%
Isiah Thomas Not Current
100%
Carmelo Anthony Not Current
100%
Michael Jordan Not Current
100%
John Havlicek Not Current
100%
Yao Ming Not Current
100%
Manute Bol Not Current
100%
David Robinson Not Current
100%
Bob McAdoo Not Current
100%
Penny Hardaway Not Current
100%
James Worthy Not Current
100%
Kareem Abdul-Jabbar Not Current
100%
Karl Malone Not Current
100%
Willis Reed Not Current
100%
Paul Pierce Not Current
100%
Ray Allen Not Current
100%
Nate Archibald Not Current
100%
Mark Price Not Current
100%
Elgin Baylor Not Current
100%
Wilt Chamberlain Not Current
100%
Clyde Drexler Not Current
100%
George Gervin Not Current
100%
Jerry West Not Current
100%
Hakeem Olajuwon Not Current
100%
Kobe Bryant Not Current
100%
Oscar Robertson Not Current
100%
Pau Gasol Not Current
100%
Dave Cowens Not Current
90%
Jeremy Lin Not Current
90%
De'Aaron Fox Current
89%
Kevin Love Current
89%
Dwyane Wade Not Current
89%
Manu Ginobili Not Current
89%
Luka Doncic Current
88%
Amar'e Stoudemire Not Current
88%
Malik Beasley Current
86%
Ben Simmons Current
86%
Jimmy Butler Current
86%
Jordan Poole Current
86%
Alonzo Mourning Not Current
86%
Deron Williams Not Current
86%
Al Horford Current
83%
Yuta Watanabe Current
83%
Vince Carter Not Current
83%
Shaquille O'Neal Not Current
83%
Patrick Ewing Not Current
83%
Russell Westbrook Current
80%
Draymond Green Current
80%
Malik Monk Current
80%
Aaron Gordon Current
80%
Lebron James Current
80%
Cam Johnson Current
80%
Brandon Ingram Current
80%
Jamal Murray Current
80%
Kevin Garnett Not Current
80%
Charles Barkley Not Current
80%
Larry Bird Not Current
80%
Paul Arizin Not Current
80%
Anthony Edwards Current
75%
Marcus Smart Current
75%
Franz Wagner Current
75%
Nate Thurmond Not Current
75%
George Mikan Not Current
75%
LaMarcus Aldridge Not Current
70%
Dennis Schroder Current
67%
Domantas Sabonis Current
67%
Grant Williams Current
67%
John Stockton Not Current
67%
Tim Duncan Not Current
67%
Tony Parker Not Current
67%
Dennis Rodman Not Current
67%
Dwight Howard Not Current
67%
Bradley Beal Current
60%
Kemba Walker Not Current
55%
Karl-Anthony Towns Current
50%
Udonis Haslem Current
50%
Austin Reaves Current
50%
Bam Adebayo Current
50%
Nate Robinson Not Current
50%
Antoine Walker Not Current
50%
Tacko Fall Not Current
29%
Ricky Rubio Current
20%
Dirk Nowitzki Current
17%
World B. Free Current
0%
No matching quizzes found
Score Distribution
Percent of People with Each Score
Percentile by Number Answered
Your Score History
You have not taken this quiz since the last reset